[Event "Online Olym Div2 D"]
[Site "Chess.com INT"]
[Date "2020.08.16"]
[Round "8.4"]
[White "Stolberg Rohr, Thomine"]
[Black "Frisk, Ellinor"]
[Result "0-1"]
[WhiteElo "1905"]
[BlackElo "2165"]
[PlyCount "138"]
[EventDate "2020.08.14"]
[EventType "team-tourn (rapid)"]
[EventRounds "9"]
[EventCountry "USA"]
[SourceTitle "CBM 198"]
[Source "ChessBase"]
[SourceDate "2020.10.31"]
[SourceVersion "1"]
[SourceVersionDate "2020.10.31"]
[SourceQuality "1"]
[WhiteTeam "Denmark"]
[BlackTeam "Sweden"]
[WhiteTeamCountry "DEN"]
[BlackTeamCountry "SWE"]

1. e4 c5 2. Nf3 g6 3. Nc3 Bg7 4. g3 Nc6 5. Bg2 e6 6. 0-0 Nge7 7. d3 0-0 8. Be3 Nd4 9. Qd2 Nec6 10. Nh4 d6 11. Bh6 Bxh6 12. Qxh6 Nxc2 13. Nf3 Qf6 14. Rac1 N2d4 15. Ng5 Qg7 16. Qh4 h6 17. Nh3 Ne5 18. f4 Nxd3 19. Rb1 Nb4 20. Nf2 f5 21. g4 Nbc6 22. Rbe1 Bd7 23. Kh1 Rae8 24. Rg1 fxg4 25. Nxg4 h5 26. Ne3 Qf6 27. Qg3 Kh7 28. f5 exf5 29. exf5 Nxf5 30. Nxf5 Bxf5 31. Nd5 Qd8 32. Ref1 Ne5 33. Bh3 Bxh3 34. Qxh3 Rxf1 35. Rxf1 Rf8 36. Rg1 Qe8 37. Nc7 Qf7 38. Ne6 Qf3+ 39. Qxf3 Rxf3 40. Ng5+ Kg7 41. Nxf3 Nxf3 42. Rd1 Nd4 43. Kg2 g5 44. b4 b6 45. bxc5 dxc5 46. Kf2 Kf6 47. Ke3 Ke5 48. Rf1 Nf5+ 49. Kd3 b5 50. Re1+ Kd5 51. Rf1 Nd6 52. Rf8 c4+ 53. Kc2 g4 54. Rg8 Ne4 55. Rh8 Nf6 56. Rf8 Ke5 57. Rb8 a6 58. Re8+ Kf5 59. Kc3 h4 60. Rh8 g3 61. hxg3 hxg3 62. Rh1 Kg4 63. Kd4 g2 64. Rg1 Kf3 65. Ke5 Ng4+ 66. Kf5 Ne3+ 67. Ke5 c3 68. Kd4 c2 69. Kd3 Kf2 0-1

[Event "Online Olym Div3 D"]
[Site "Chess.com INT"]
[Date "2020.08.08"]
[Round "4.4"]
[White "Patino Garcia, Corals"]
[Black "Stolberg Rohr, Thomine"]
[Result "1-0"]
[WhiteElo "1921"]
[BlackElo "1918"]
[PlyCount "55"]
[EventDate "2020.08.07"]
[EventType "team-tourn (rapid)"]
[EventRounds "9"]
[EventCountry "USA"]
[SourceTitle "CBM 198"]
[Source "ChessBase"]
[SourceDate "2020.10.31"]
[SourceVersion "1"]
[SourceVersionDate "2020.10.31"]
[SourceQuality "1"]
[WhiteTeam "Venezuela"]
[BlackTeam "Denmark"]
[WhiteTeamCountry "VEN"]
[BlackTeamCountry "DEN"]

1. d4 Nf6 2. Bf4 g6 3. Nc3 Bg7 4. e4 d6 5. Qd2 0-0 6. 0-0-0 Nc6 7. f3 Re8 8. h4 h5 9. Be2 e5 10. dxe5 Nxe5 11. Nh3 Bxh3 12. Rxh3 Qe7 13. g4 Rad8 14. gxh5 Nxh5 15. Bg5 f6 16. Bh6 Kh7 17. Bxg7 Qxg7 18. f4 Nc6 19. f5 Qh6 20. fxg6+ Kxg6 21. Rg1+ Kh7 22. Bxh5 Qxh5 23. Nd5 Qh6 24. Rhg3 Nd4 25. Qxh6+ Kxh6 26. Rg6+ Kh7 27. Nxf6+ Kh8 28. Rh6# 1-0

[Event "SWE-DEN (Women)"]
[Site "chess24.com INT"]
[Date "2020.06.17"]
[Round "4.5"]
[White "Miloradovic, Jelena"]
[Black "Stolberg Rohr, Thomine"]
[Result "0-1"]
[WhiteElo "2056"]
[BlackElo "1918"]
[PlyCount "100"]
[EventDate "2020.06.17"]
[EventType "team-match (rapid)"]
[EventRounds "6"]
[EventCountry "SWE"]
[SourceTitle "CBM 196 Extra"]
[Source "ChessBase"]
[SourceDate "2020.07.31"]
[SourceVersion "1"]
[SourceVersionDate "2020.07.31"]
[SourceQuality "1"]
[WhiteTeam "Sweden"]
[BlackTeam "Denmark"]
[WhiteTeamCountry "SWE"]
[BlackTeamCountry "DEN"]

1. c4 Nf6 2. g3 e6 3. Bg2 d5 4. Nf3 Nc6 5. b3 Be7 6. Bb2 0-0 7. 0-0 d4 8. e3 e5 9. d3 dxe3 10. fxe3 e4 11. dxe4 Qxd1 12. Rxd1 Nxe4 13. Ne5 f5 14. Nxc6 bxc6 15. Nc3 Bf6 16. Rac1 Re8 17. Bxe4 fxe4 18. Rc2 Bg4 19. Re1 Rad8 20. Nd1 Rxd1 21. Rxd1 Bxd1 22. Rd2 Bxb2 23. Rxd1 Bf6 24. Rd7 Re7 25. Rd8+ Kf7 26. Ra8 Rd7 27. Rxa7 Bg5 28. Kf2 Ke6 29. a4 Rd2+ 30. Ke1 Bxe3 31. Rxc7 Rd6 32. Rxg7 h5 33. Rh7 Rd3 34. Rxh5 Rxb3 35. a5 Ra3 36. Ke2 Bd4 37. Rg5 Ra2+ 38. Ke1 Bc3+ 39. Kf1 Rxa5 40. Rg6+ Kd7 41. h4 Ra2 42. h5 e3 43. Rg7+ Bxg7 44. g4 e2+ 45. Ke1 Bc3+ 46. Kf2 e1Q+ 47. Kf3 Rf2+ 48. Kg3 Qg1+ 49. Kh4 Bf6+ 50. Kh3 Rh2# 0-1

[Event "Fredericia (Women)"]
[Site "Fredericia"]
[Date "2019.06.01"]
[Round "6"]
[White "Sucikova, Svetlana"]
[Black "Stolberg Rohr, Thomine"]
[Result "1-0"]
[WhiteElo "2110"]
[BlackElo "2025"]
[PlyCount "67"]
[EventDate "2019.05.29"]
[EventType "tourn"]
[EventRounds "9"]
[EventCountry "DEN"]
[SourceTitle "CBM 190 Extra"]
[Source "ChessBase"]
[SourceDate "2019.07.15"]
[SourceVersion "1"]
[SourceVersionDate "2019.07.15"]
[SourceQuality "1"]

1. e3 g6 2. c4 c5 3. Nc3 Bg7 4. Nf3 Nc6 5. Be2 e6 6. d4 cxd4 7. exd4 d5 8. cxd5 exd5 9. Qb3 Nge7 10. Bf4 0-0 11. Rd1 Nf5 12. Nb5 Qa5+ 13. Qc3 Be6 14. 0-0 a6 15. Qxa5 Nxa5 16. Nc7 Rac8 17. g4 Ne7 18. h3 Nac6 19. Rfe1 h6 20. Bf1 Kh7 21. Bg2 Ng8 22. Bh2 Nf6 23. Re3 Ne4 24. Rb3 Na5 25. Rb6 Bf6 26. b4 Rxc7 27. Bxc7 Rc8 28. Rxe6 Rxc7 29. Rxf6 Nc4 30. Rf4 Nc3 31. Re1 Nxa2 32. Ne5 Nxb4 33. Rxf7+ Rxf7 34. Nxf7 1-0

[Event "DEN-ch cand"]
[Site "Svendborg"]
[Date "2019.04.22"]
[Round "7"]
[White "Stolberg Rohr, Thomine"]
[Black "Thorsbro, Peter"]
[Result "0-1"]
[WhiteElo "2039"]
[BlackElo "2116"]
[PlyCount "50"]
[EventDate "2019.04.16"]
[EventType "swiss"]
[EventRounds "7"]
[EventCountry "DEN"]
[SourceTitle "EXT 2020"]
[Source "ChessBase"]
[SourceDate "2019.10.17"]
[SourceVersion "1"]
[SourceVersionDate "2019.10.17"]
[SourceQuality "1"]

1. e4 e5 2. Nf3 Nc6 3. Bb5 a6 4. Ba4 Nf6 5. 0-0 b5 6. Bb3 Be7 7. d3 d6 8. a3 0-0 9. Nc3 Bg4 10. Be3 Qd7 11. h3 Bh5 12. Nd5 Nxd5 13. Bxd5 Bg6 14. d4 Rad8 15. Qe2 exd4 16. Nxd4 Nxd4 17. Bxd4 Rfe8 18. Rad1 c6 19. Ba2 Qc7 20. Qg4 Bf8 21. f3 d5 22. h4 h5 23. Qg5 Be7 24. Be5 Qb6+ 25. Bd4 c5 0-1

[Event "DEN-ch cand"]
[Site "Svendborg"]
[Date "2019.04.17"]
[Round "2"]
[White "Guindy, Esmat Susanne"]
[Black "Stolberg Rohr, Thomine"]
[Result "1-0"]
[WhiteElo "2144"]
[BlackElo "2039"]
[PlyCount "119"]
[EventDate "2019.04.16"]
[EventType "swiss"]
[EventRounds "7"]
[EventCountry "DEN"]
[SourceTitle "EXT 2020"]
[Source "ChessBase"]
[SourceDate "2019.10.17"]
[SourceVersion "1"]
[SourceVersionDate "2019.10.17"]
[SourceQuality "1"]

1. d4 Nf6 2. Nf3 e6 3. c4 Bb4+ 4. Bd2 Qe7 5. e3 d5 6. a3 Bxd2+ 7. Nbxd2 Nc6 8. c5 0-0 9. Bb5 Nd7 10. b4 e5 11. Bxc6 bxc6 12. Nxe5 Nxe5 13. dxe5 Qxe5 14. 0-0 a5 15. Nf3 Qe4 16. Qd4 Re8 17. Qxe4 Rxe4 18. Nd4 Ba6 19. Rfb1 Bd3 20. Rd1 Bb5 21. a4 Bc4 22. Nxc6 axb4 23. Nxb4 Bb3 24. Rd4 Ra5 25. f3 Rxe3 26. Nxd5 Bxd5 27. Rxd5 Kf8 28. Kf2 Re6 29. Re1 Ke7 30. Re4 Rxe4 31. fxe4 c6 32. Rd4 Rxc5 33. Ke3 f5 34. exf5 Rxf5 35. Kd3 Rg5 36. g3 Ra5 37. Kc3 Re5 38. Rh4 h5 39. Kb4 Kd7 40. Rf4 Kd6 41. a5 c5+ 42. Kb5 Re2 43. Ra4 Rb2+ 44. Kc4 Rb7 45. a6 Ra7 46. Kb5 Ra8 47. a7 Kc7 48. Kxc5 Kb7 49. Kd5 h4 50. g4 Rd8+ 51. Ke5 Ka8 52. g5 h3 53. Rh4 Rd3 54. Kf5 Kxa7 55. Kg6 Kb6 56. Kxg7 Kc6 57. Kh7 Kd6 58. g6 Ke6 59. g7 Rd7 60. Kh8 1-0

[Event "Lueneburg op-A"]
[Site "Lueneburg"]
[Date "2018.07.08"]
[Round "4"]
[White "Stolberg Rohr, Thomine"]
[Black "Poeck, Ole"]
[Result "0-1"]
[WhiteElo "1975"]
[BlackElo "2195"]
[PlyCount "66"]
[EventDate "2018.07.06"]
[EventType "swiss"]
[EventRounds "9"]
[EventCountry "GER"]
[SourceTitle "CBM 185 Extra"]
[Source "ChessBase"]
[SourceDate "2018.07.29"]
[SourceVersion "1"]
[SourceVersionDate "2018.07.29"]
[SourceQuality "1"]

1. d4 Nf6 2. c4 e6 3. Nc3 Bb4 4. Qc2 0-0 5. a3 Bxc3+ 6. Qxc3 d5 7. Bg5 h6 8. Bh4 c5 9. cxd5 cxd4 10. Qxd4 Nc6 11. Qd2 exd5 12. Rd1 Re8 13. Nf3 Bg4 14. h3 Bxf3 15. gxf3 Ne5 16. Bg2 Ng6 17. Bg3 Qe7 18. e3 Nh5 19. 0-0 Rad8 20. Rfe1 Nh4 21. Bxh4 Qxh4 22. Qd4 Qg5 23. Qxa7 Re6 24. Rd4 f5 25. f4 Nxf4 26. exf4 Rxe1+ 27. Kh2 Qh4 28. Qa5 Re2 29. Qb6 Kh7 30. Rd3 Qxf2 31. Qxf2 Rxf2 32. Kg3 Rxb2 33. Bxd5 Rb5 0-1

[Event "Hamburg-chT Landesliga 1516"]
[Site "Hamburg"]
[Date "2016.04.24"]
[Round "9.6"]
[White "Bathke, Joerg"]
[Black "Stolberg Rohr, Thomine"]
[Result "1/2-1/2"]
[WhiteElo "2039"]
[BlackElo "1995"]
[PlyCount "38"]
[EventDate "2015.09.20"]
[EventType "team-tourn"]
[EventRounds "9"]
[EventCountry "GER"]
[SourceTitle "EXT 2022"]
[Source "ChessBase"]
[SourceDate "2021.10.06"]
[SourceVersion "1"]
[SourceVersionDate "2021.10.06"]
[SourceQuality "1"]
[WhiteTeam "St Pauli II"]
[BlackTeam "Harburg Diagonale"]
[WhiteTeamCountry "GER"]
[BlackTeamCountry "GER"]

1. e4 e5 2. Bc4 Bc5 3. d4 Bxd4 4. Nf3 Nc6 5. Nxd4 exd4 6. c3 Qf6 7. 0-0 d6 8. cxd4 Qxd4 9. Qe2 Be6 10. Bxe6 fxe6 11. Nc3 a6 12. Qh5+ Kf8 13. Be3 Qe5 14. Qe2 Nf6 15. g4 Nd4 16. Qd1 Nb5 17. f3 Nxc3 18. bxc3 h6 19. Qb3 b6 1/2-1/2

[Event "Olympiad Women-41"]
[Site "Tromsoe"]
[Date "2014.08.09"]
[Round "7.4"]
[White "Stolberg Rohr, Thomine"]
[Black "Odinaeva, Saodat"]
[Result "0-1"]
[WhiteElo "1960"]
[BlackElo "1785"]
[PlyCount "80"]
[EventDate "2014.08.02"]
[EventType "team-swiss"]
[EventRounds "11"]
[EventCountry "NOR"]
[SourceTitle "CBM 162"]
[Source "ChessBase"]
[SourceDate "2014.09.17"]
[SourceVersion "1"]
[SourceVersionDate "2014.09.17"]
[SourceQuality "1"]
[WhiteTeam "Denmark (W)"]
[BlackTeam "Tajikistan (W)"]
[WhiteTeamCountry "DEN"]
[BlackTeamCountry "TJK"]

1. e4 e6 2. d4 d5 3. Nc3 Bb4 4. e5 c5 5. a3 cxd4 6. axb4 dxc3 7. Nf3 cxb2 8. Bxb2 Nc6 9. Qd2 Nge7 10. b5 Nb8 11. h4 Nd7 12. h5 h6 13. Be2 Nc5 14. 0-0 Nf5 15. Qb4 b6 16. Bd3 0-0 17. Rfd1 Nxd3 18. cxd3 Bb7 19. Ra4 a6 20. bxa6 Rxa6 21. Rda1 Rxa4 22. Rxa4 Qc7 23. Ba3 Re8 24. Ra7 Qc6 25. d4 Ne7 26. Nd2 Nc8 27. Ra4 Qc2 28. Nf3 Bc6 29. Ra6 Qe2 30. Qc3 Bb7 31. Ra7 Nxa7 32. Qc7 Qa6 33. Bd6 Rc8 34. Qe7 b5 35. g4 Nc6 36. Qh4 Qa1+ 37. Kg2 Nxd4 38. Nh2 Ne2 39. g5 d4+ 40. Kh3 Rc3+ 0-1

[Event "Olympiad Women-41"]
[Site "Tromsoe"]
[Date "2014.08.08"]
[Round "6.4"]
[White "Ben Said, Safa"]
[Black "Stolberg Rohr, Thomine"]
[Result "0-1"]
[WhiteElo "1589"]
[BlackElo "1960"]
[PlyCount "64"]
[EventDate "2014.08.02"]
[EventType "team-swiss"]
[EventRounds "11"]
[EventCountry "NOR"]
[SourceTitle "CBM 162"]
[Source "ChessBase"]
[SourceDate "2014.09.17"]
[SourceVersion "1"]
[SourceVersionDate "2014.09.17"]
[SourceQuality "1"]
[WhiteTeam "Tunisia (W)"]
[BlackTeam "Denmark (W)"]
[WhiteTeamCountry "TUN"]
[BlackTeamCountry "DEN"]

1. e4 c5 2. Nf3 e6 3. d4 cxd4 4. Nxd4 a6 5. Bc4 Qc7 6. Qe2 Nc6 7. Be3 Nf6 8. Nd2 b5 9. Nxc6 bxc4 10. Nd4 c3 11. bxc3 Qxc3 12. 0-0 Be7 13. e5 Nd5 14. Ne4 Qc7 15. Bg5 Qxe5 16. Bxe7 Nxe7 17. Nf3 Qc7 18. Qd3 d5 19. Ng3 h6 20. Nh5 0-0 21. Nh4 a5 22. Qg3 Qxg3 23. Nxg3 Ba6 24. Rfc1 Rab8 25. Nf3 Rfc8 26. Nf1 Nf5 27. Ne3 Nxe3 28. fxe3 Rc3 29. Kf2 Rb2 30. Ne1 Ra3 31. Rcb1 Rbxa2 32. Rxa2 Rxa2 0-1

[Event "Copenhagen Whitsun op"]
[Site "Copenhagen"]
[Date "2014.06.05"]
[Round "2"]
[White "Stolberg Rohr, Thomine"]
[Black "Nielsen, Frode Benedikt"]
[Result "1/2-1/2"]
[WhiteElo "1954"]
[BlackElo "2024"]
[PlyCount "144"]
[EventDate "2014.06.03"]
[EventType "swiss"]
[EventRounds "9"]
[EventCountry "DEN"]
[SourceTitle "EXT 2015"]
[Source "ChessBase"]
[SourceDate "2014.11.20"]
[SourceVersion "1"]
[SourceVersionDate "2014.11.20"]
[SourceQuality "1"]

1. e4 e5 2. Nf3 Nc6 3. Bb5 a6 4. Ba4 Nf6 5. 0-0 Nxe4 6. d4 b5 7. Bb3 d5 8. dxe5 Be6 9. Qe2 Bc5 10. Be3 0-0 11. Rd1 Ne7 12. c4 bxc4 13. Bxc4 c6 14. Bd3 Bxe3 15. Qxe3 Qb8 16. b3 Ng6 17. Na3 Qa7 18. Qxa7 Rxa7 19. Rac1 Rc8 20. Re1 a5 21. Bxe4 dxe4 22. Rxe4 Bd5 23. Re3 Re7 24. Nc4 Bxf3 25. gxf3 Ra8 26. Nb6 Rb8 27. Rxc6 Rxe5 28. Kf1 Rxe3 29. fxe3 Ne5 30. Rc5 Nxf3 31. Kg2 Ne1+ 32. Kf1 Nf3 33. Kg2 Ne1+ 34. Kg3 g6 35. Nd7 Rd8 36. Rc7 Nd3 37. Nf6+ Kg7 38. Nd7 h5 39. Ra7 g5 40. e4 h4+ 41. Kg2 g4 42. Kf1 Nf4 43. Ne5 Rd1+ 44. Kf2 Nd3+ 45. Nxd3 Rxd3 46. Rxa5 Kg6 47. Rd5 Rf3+ 48. Kg2 h3+ 49. Kg1 Re3 50. e5 Re2 51. a4 Rg2+ 52. Kh1 Rb2 53. Rd1 Kf5 54. Kg1 Rxb3 55. Rf1+ Kg6 56. Rf6+ Kg7 57. Rf4 Rb1+ 58. Rf1 Rb4 59. a5 Re4 60. Rf5 Ra4 61. Kf2 Kg6 62. Rf6+ Kg5 63. Rxf7 Ra2+ 64. Kg1 Rxa5 65. e6 Ra1+ 66. Kf2 Ra2+ 67. Kf1 g3 68. Rg7+ Kf6 69. Rxg3 Rxh2 70. Kg1 Rg2+ 71. Rxg2 hxg2 72. Kxg2 Kxe6 1/2-1/2

[Event "Reykjavik op"]
[Site "Reykjavik"]
[Date "2014.03.07"]
[Round "5"]
[White "Derraugh, Geordie"]
[Black "Stolberg Rohr, Thomine"]
[Result "1-0"]
[WhiteElo "2173"]
[BlackElo "1964"]
[PlyCount "85"]
[EventDate "2014.03.04"]
[EventType "swiss"]
[EventRounds "10"]
[EventCountry "ISL"]
[SourceTitle "CBM 159 Extra"]
[Source "ChessBase"]
[SourceDate "2014.04.24"]
[SourceVersion "1"]
[SourceVersionDate "2014.04.24"]
[SourceQuality "1"]

1. e4 e5 2. Nf3 Nc6 3. d4 exd4 4. Bc4 Bc5 5. c3 Nf6 6. cxd4 Bb4+ 7. Bd2 Bxd2+ 8. Nbxd2 d5 9. exd5 Nxd5 10. Qb3 Na5 11. Qa4+ Nc6 12. Bb5 Bd7 13. 0-0 0-0 14. Qc4 Nce7 15. Bxd7 Qxd7 16. Ne4 Qg4 17. Rfe1 Rad8 18. Qc5 Nf4 19. Ng3 Ned5 20. Qa3 Rfe8 21. Ne5 Qg5 22. Re4 h5 23. Qf3 Re6 24. Qd1 h4 25. Nf3 Qf6 26. Rxe6 Qxe6 27. Nxh4 Nb4 28. Qd2 Nbd3 29. Qe3 Qc6 30. Ngf5 Qf6 31. Rd1 Nxb2 32. Rd2 Nd5 33. Qb3 Re8 34. h3 Re1+ 35. Kh2 g6 36. Qxd5 gxf5 37. Nf3 Rb1 38. Qxb7 Qd6+ 39. g3 Qb6 40. Qc8+ Kg7 41. Qxf5 Nc4 42. Re2 Qc6 43. Qxb1 1-0

[Event "Reykjavik op"]
[Site "Reykjavik"]
[Date "2014.03.05"]
[Round "3"]
[White "Dolzhikova, Olga"]
[Black "Stolberg Rohr, Thomine"]
[Result "1-0"]
[WhiteElo "2212"]
[BlackElo "1964"]
[PlyCount "57"]
[EventDate "2014.03.04"]
[EventType "swiss"]
[EventRounds "10"]
[EventCountry "ISL"]
[SourceTitle "CBM 159 Extra"]
[Source "ChessBase"]
[SourceDate "2014.04.24"]
[SourceVersion "1"]
[SourceVersionDate "2014.04.24"]
[SourceQuality "1"]

1. e4 e5 2. Nf3 Nc6 3. Bc4 Bc5 4. d3 Nf6 5. 0-0 a6 6. c3 d6 7. Bb3 Ba7 8. h3 h6 9. Re1 0-0 10. Nbd2 Be6 11. Bc2 b5 12. Nf1 b4 13. d4 exd4 14. cxd4 Bd7 15. Qd3 Bc8 16. Qc4 b3 17. Qxc6 Bd7 18. Qxa6 bxc2 19. Qd3 c5 20. d5 Re8 21. Qxc2 Qb6 22. N1d2 Bb5 23. b3 Re7 24. Bb2 Nh5 25. Nc4 Qa6 26. Nh4 Bd7 27. Qc3 Rae8 28. Qf3 g6 29. g4 1-0

[Event "Sunningdale e2e4 op 07"]
[Site "Ascot"]
[Date "2013.07.07"]
[Round "5"]
[White "Stolberg Rohr, Thomine"]
[Black "Lentzos, Ioanis"]
[Result "0-1"]
[WhiteElo "2018"]
[BlackElo "1745"]
[PlyCount "96"]
[EventDate "2013.07.05"]
[EventType "swiss"]
[EventRounds "5"]
[EventCountry "ENG"]
[SourceTitle "CBM 155 Extra"]
[Source "ChessBase"]
[SourceDate "2013.08.26"]
[SourceVersion "1"]
[SourceVersionDate "2013.08.26"]
[SourceQuality "1"]

1. e4 c6 2. d3 d5 3. Nd2 e5 4. g3 Bc5 5. Bg2 Nf6 6. Ngf3 Bg4 7. Qe2 Nbd7 8. h3 dxe4 9. Nxe4 Nxe4 10. Qxe4 Bxf3 11. Qxf3 Qe7 12. 0-0 0-0 13. Bd2 f5 14. b4 Bd4 15. Rab1 a6 16. a4 Kh8 17. c3 Ba7 18. b5 cxb5 19. axb5 axb5 20. Rxb5 Nc5 21. Qe2 Qd7 22. d4 exd4 23. cxd4 Rae8 24. Qc4 Ne4 25. Bb4 Nd6 26. Qd5 Qxb5 27. Bxd6 Qxd5 28. Bxd5 Rd8 29. Bxf8 Rxd5 30. Rb1 b5 31. Kf1 Kg8 32. Be7 Kf7 33. Bg5 Bxd4 34. Rd1 Ke6 35. Re1+ Re5 36. Rd1 Bc3 37. Rd8 b4 38. Rb8 Kd5 39. Be3 Kc4 40. Ke2 Rb5 41. Rc8+ Kb3 42. Kd1 Rd5+ 43. Ke2 Ra5 44. Kd3 Rd5+ 45. Ke2 Kb2 46. Rc4 b3 47. Rc7 Kc2 48. Ra7 b2 0-1

[Event "Sunningdale e2e4 op"]
[Site "Ascot"]
[Date "2013.05.26"]
[Round "5"]
[White "Tozer, Philip AA"]
[Black "Stolberg Rohr, Thomine"]
[Result "1-0"]
[WhiteElo "2165"]
[BlackElo "2037"]
[PlyCount "43"]
[EventDate "2013.05.24"]
[EventType "swiss"]
[EventRounds "7"]
[EventCountry "ENG"]
[SourceTitle "CBM 154 Extra"]
[Source "ChessBase"]
[SourceDate "2013.06.25"]
[SourceVersion "2"]
[SourceVersionDate "2013.06.25"]
[SourceQuality "1"]

1. c4 e5 2. g3 Nc6 3. Nc3 f5 4. Nf3 Nf6 5. d4 exd4 6. Nxd4 d6 7. Bg2 Ne5 8. 0-0 c6 9. e4 fxe4 10. Nxe4 Nxe4 11. Bxe4 Qf6 12. f4 Nxc4 13. Nxc6 Nb6 14. Re1 bxc6 15. Bxc6+ Kf7 16. Be3 d5 17. Bxa8 Qd6 18. Bxb6 Qxb6+ 19. Kh1 d4 20. Bd5+ Kf6 21. Qh5 g6 22. Qe5# 1-0

[Event "DEN-chB"]
[Site "Helsingor"]
[Date "2013.03.29"]
[Round "2"]
[White "Stolberg Rohr, Thomine"]
[Black "Haubro, Martin"]
[Result "0-1"]
[WhiteElo "2044"]
[BlackElo "2186"]
[PlyCount "86"]
[EventDate "2013.03.26"]
[EventType "swiss"]
[EventRounds "7"]
[EventCountry "DEN"]
[SourceTitle "EXT 2014"]
[Source "ChessBase"]
[SourceDate "2013.11.20"]
[SourceVersion "1"]
[SourceVersionDate "2013.11.20"]
[SourceQuality "1"]

1. e4 c5 2. Nc3 g6 3. f4 Bg7 4. Nf3 Nc6 5. Bb5 Nd4 6. 0-0 Nxb5 7. Nxb5 d5 8. exd5 a6 9. Nc3 Nf6 10. d4 Nxd5 11. dxc5 Nxc3 12. Qxd8+ Kxd8 13. bxc3 Bxc3 14. Rb1 Kc7 15. Be3 Be6 16. a3 Rhd8 17. Ne5 f6 18. c6 b5 19. Nd3 Bc4 20. Bc5 e6 21. Rf3 Kxc6 22. Be7 Bd4+ 23. Kh1 Rd7 24. Bb4 Rad8 25. Ba5 Bb6 26. Bxb6 Kxb6 27. Re1 Bxd3 28. Rxe6+ Kc5 29. cxd3 Rxd3 30. Kg1 Rxf3 31. gxf3 Rd6 32. Re3 a5 33. Rc3+ Kb6 34. Kf2 b4 35. axb4 axb4 36. Rc4 Kb5 37. Rc1 b3 38. Rb1 Kb4 39. Ke3 Kc3 40. Rc1+ Kb2 41. Rc7 h5 42. h4 Ra6 43. Kd3 Ka2 0-1